000 00628nam a22002177a 4500
999 _c10952
_d10952
003 AR-CdUCM
008 190402b ||||| |||| 00| 0 spa d
040 _aMUNICIPALIDAD PROVINCIAL DEL CUSCO
_cBIBLIOTECA MUNICIPAL DEL CUSCO
082 _aC / 869.56 /
_bC93C
100 _aCuadros E., Manuel E.
_99690
245 _aCuentos Cuzqueños /
260 _aCusco :
_bGarcilaso,
_c1960.
300 _a32 páginas ;
_bfiguras,
_c21 cm.
505 _aContenido: Cuentos.
650 _aCusco
_9772
650 _aLiteratura Peruana
_9132
650 _aSiglo XX
_98
650 _aCuentos
_9217
942 _2ddc
_cLIBROS
945 _aachl